<?xml version="1.0" encoding="UTF-8"?>
<record
    xmlns:xsi="http://www.w3.org/2001/XMLSchema-instance"
    xsi:schemaLocation="http://www.loc.gov/MARC21/slim http://www.loc.gov/standards/marcxml/schema/MARC21slim.xsd"
    xmlns="http://www.loc.gov/MARC21/slim">

  <leader>     nam a22     7a 4500</leader>
  <datafield tag="999" ind1=" " ind2=" ">
    <subfield code="c">259207</subfield>
    <subfield code="d">259207</subfield>
  </datafield>
  <controlfield tag="003">IT-MiCISF</controlfield>
  <controlfield tag="008">161219b        xxu||||| |||| 00| 0 eng d</controlfield>
  <datafield tag="040" ind1=" " ind2=" ">
    <subfield code="c">IT-MiCISF</subfield>
  </datafield>
  <datafield tag="041" ind1=" " ind2=" ">
    <subfield code="a">it</subfield>
  </datafield>
  <datafield tag="100" ind1=" " ind2=" ">
    <subfield code="a">Chapman Gary, Campbell Ross</subfield>
    <subfield code="9">56078</subfield>
  </datafield>
  <datafield tag="245" ind1=" " ind2=" ">
    <subfield code="a">I cinque linguaggi dell'amore dei bambini</subfield>
  </datafield>
  <datafield tag="260" ind1=" " ind2=" ">
    <subfield code="a">Leumann (TO)</subfield>
    <subfield code="b">Elledici</subfield>
    <subfield code="c">2005</subfield>
  </datafield>
  <datafield tag="300" ind1=" " ind2=" ">
    <subfield code="a">pp. 208</subfield>
  </datafield>
  <datafield tag="500" ind1=" " ind2=" ">
    <subfield code="a">genitorialit&#xE0;, crescita-bambini, educazione-bambini, educazione-genitori</subfield>
  </datafield>
  <datafield tag="520" ind1=" " ind2=" ">
    <subfield code="a">Ogni bambino ha un linguaggio principale dell'amore, un modo grazie al quale comprende meglio l'amore di un genitore. Questo libro aiuta i genitori a riconoscere e parlare il linguaggio principale dell'amore del loro bambino e altri quattro linguaggi dell'amore comuni che possono aiutarlo a comprendere di essere amato. Il libro termina con un "piano d'azione" che contiene programmi ed esercizi per applicare i concetti presentati nella trattazione.</subfield>
  </datafield>
  <datafield tag="650" ind1=" " ind2=" ">
    <subfield code="a">genitorialit&#xE0;</subfield>
    <subfield code="9">56044</subfield>
  </datafield>
  <datafield tag="654" ind1=" " ind2=" ">
    <subfield code="a">saggio</subfield>
  </datafield>
  <datafield tag="942" ind1=" " ind2=" ">
    <subfield code="2">ddc</subfield>
    <subfield code="c">BK</subfield>
  </datafield>
  <datafield tag="952" ind1=" " ind2=" ">
    <subfield code="0">0</subfield>
    <subfield code="1">0</subfield>
    <subfield code="2">ddc</subfield>
    <subfield code="4">0</subfield>
    <subfield code="6">A_2166_000000000000000</subfield>
    <subfield code="7">1</subfield>
    <subfield code="a">CISF</subfield>
    <subfield code="b">CISF</subfield>
    <subfield code="d">2016-12-19</subfield>
    <subfield code="l">0</subfield>
    <subfield code="o">a2166</subfield>
    <subfield code="p">9788801028966</subfield>
    <subfield code="r">2016-12-19 00:00:00</subfield>
    <subfield code="w">2016-12-19</subfield>
    <subfield code="y">BK</subfield>
  </datafield>
</record>
